<?xml version="1.0" encoding="UTF-8"?>
<record
    xmlns:xsi="http://www.w3.org/2001/XMLSchema-instance"
    xsi:schemaLocation="http://www.loc.gov/MARC21/slim http://www.loc.gov/standards/marcxml/schema/MARC21slim.xsd"
    xmlns="http://www.loc.gov/MARC21/slim">

  <leader>02253nam a2200289Ia 4500</leader>
  <controlfield tag="001">K0626</controlfield>
  <controlfield tag="003">IT-RoPAU</controlfield>
  <controlfield tag="008">130308s9999    xx            000 0 und d</controlfield>
  <datafield tag="040" ind1=" " ind2=" ">
    <subfield code="a">IT-RoPAU</subfield>
  </datafield>
  <datafield tag="040" ind1=" " ind2=" ">
    <subfield code="c">IT-RoPAU</subfield>
  </datafield>
  <datafield tag="041" ind1=" " ind2=" ">
    <subfield code="a">ITALIANO  </subfield>
  </datafield>
  <datafield tag="100" ind1=" " ind2=" ">
    <subfield code="a">Bovero Anna</subfield>
  </datafield>
  <datafield tag="100" ind1=" " ind2=" ">
    <subfield code="g">Codice Aut. SPICS:  8893</subfield>
  </datafield>
  <datafield tag="245" ind1=" " ind2=" ">
    <subfield code="a">Immagini dell'arte  italiana attraverso i secoli. Vol. III</subfield>
  </datafield>
  <datafield tag="245" ind1=" " ind2=" ">
    <subfield code="b">Immagini dell'arte  Italiana Attraverso I Secoli. Vol. III                                                                                                 </subfield>
  </datafield>
  <datafield tag="250" ind1=" " ind2=" ">
    <subfield code="a">1a ed.</subfield>
  </datafield>
  <datafield tag="260" ind1=" " ind2=" ">
    <subfield code="a">TORINO</subfield>
  </datafield>
  <datafield tag="260" ind1=" " ind2=" ">
    <subfield code="b">UTET</subfield>
  </datafield>
  <datafield tag="260" ind1=" " ind2=" ">
    <subfield code="c">1965 [1&#xB0; Ed.:1965 - Ed.Ling.Originale:1965]</subfield>
  </datafield>
  <datafield tag="300" ind1=" " ind2=" ">
    <subfield code="a">"369 p. (prefazione: 11; testo: 358 [pagine: 0-0])"</subfield>
  </datafield>
  <datafield tag="500" ind1=" " ind2=" ">
    <subfield code="a">"Vicende Artistiche Secondo '300 in toscana e Italia del nord Fioritura gotico Internazionale: Cangrande della Scala; Antonio Fissariga; Battistero, Bergamo; Abbazia, Viboldone; Abbazia, Chiaravalle; Storie S. Caterina; tommaso da Modena; gerarchie Angeliche; Tradizione bizantina e Primi influssi Gotici a Venezia; Lorenzo Veneziano; Arte in toscana seconda Met&#xE0; '300; Nono Pisano; Giottino; Giovanni da Milano; Agnolo Gaddi; Gentile da Fabriano; Lorenzo Monaco; Michelino da Besozzo; Michele Giambono; Antonio Vivarini; Ecc. Primo '400 Fiorentino: Brunelleschi e Donatello; Jacopo della Quercia; Masaccio; Lorenzo Ghiberti; Masolino da Panicale; Filippo Lippi; Luca della Robbia; Jacopo della Quercia; Beato Angelico; Bernardo Rossellino; Sassetta; Leon Battista Alberti; Agostino di Duccio; Andrea Mantegna; Andrea del Castagno; Bertoldo di Giovanni; Ecc. Fioritura Artistica presso corti nel Secondo '400: Benozzo Gozzoli; Antonio del Pollaiolo; Paolo Uccello; Desiderio da Settignano; Francesco di Giorgio Martini; Antonio Rossellino; Luciano Laurana; Cosme' Tura; Francesco del Cossa; Ercole De' Roberti; Antonello da Messina; Ecc. Venezia nel '400: Antonio da Negroponte; Giambino; Jacopo, Giovanni, Gentile Bellini; Bartolomeo Vivarini; Carlo Crivelli; Mauro Codussi; Ecc. Continuit&#xE0; di Tradizione e Germi rinnovamento ultimo '400 tra Fi Mi.  D"</subfield>
  </datafield>
  <datafield tag="650" ind1=" " ind2=" ">
    <subfield code="a">ENCICLOPEDIE DELLE ARTI VISIVE</subfield>
  </datafield>
  <datafield tag="650" ind1=" " ind2=" ">
    <subfield code="e">Codice materia Spics: 5001</subfield>
  </datafield>
  <datafield tag="942" ind1=" " ind2=" ">
    <subfield code="c">BK</subfield>
  </datafield>
  <datafield tag="957" ind1=" " ind2=" ">
    <subfield code="7">1</subfield>
  </datafield>
  <datafield tag="999" ind1=" " ind2=" ">
    <subfield code="c">76946</subfield>
    <subfield code="d">76946</subfield>
  </datafield>
  <datafield tag="999" ind1=" " ind2=" ">
    <subfield code="g">1</subfield>
  </datafield>
  <datafield tag="952" ind1=" " ind2=" ">
    <subfield code="0">0</subfield>
    <subfield code="1">0</subfield>
    <subfield code="4">0</subfield>
    <subfield code="6">K_000000000000000_0626</subfield>
    <subfield code="7">1</subfield>
    <subfield code="a">SPICS</subfield>
    <subfield code="b">SPICS</subfield>
    <subfield code="d">2013-03-08</subfield>
    <subfield code="l">0</subfield>
    <subfield code="o">K0626</subfield>
    <subfield code="r">2013-03-08 00:00:00</subfield>
    <subfield code="w">2013-03-08</subfield>
    <subfield code="y">BK</subfield>
    <subfield code="z">Progressivo inserimento:  21273 /  N. Volumi: 1 Copie: 1  / data import: 1 marzo 2013 - By Epidotti, Trombetti, Vaglietti. </subfield>
  </datafield>
</record>
